NBA: Name a Non-Best Starter Per Team - Statistics

General Stats
  • This quiz has been taken 12 times
  • The average score is 28 of 30
Answer Stats
Team Player % Correct
Rockets Amen Thompson, Reed Sheppard, Jabari Smith, Alperen Sengun
100%
Lakers Austin Reaves, Marcus Smart LeBron James, Deandre Ayton
100%
Hornets Brandon Miller, Kon Knueppel, Miles Bridges, Moussa Diabate
100%
Warriors Brandon Podziemski, Jimmy Butler, Draymond Green, Kristaps Porzingis
100%
Clippers Darius Garland, Kris Dunn, Derrick Jones, Brook Lopez
100%
Heat Davion Mitchell, Tyler Herro, Normal Powell, Andrew Wiggins
100%
Pelicans Dejounte Murray, Herb Jones, Zion Williamson, Deandre Jordan
100%
Celtics Derrick White, Jaylen Brown, Sam Hauser, Neemias Queta
100%
Timberwolves Donte Divincenzo, Jalen McDaniels, Julius Randle, Rudy Gobert
100%
Pistons Duncan Robinson, Ausar Thompson, Tobias Harris, Jalen Duren
100%
Suns Jalen Green, Grayson Allen, Dillon Brooks, Mark Williams
100%
Magic Jalen Suggs, Desmond Bane, Franz Wagner, Wendell Carter
100%
Nuggets Jamal Murray, Christian Braun, Cam Johnson, Aaron Gordon
100%
Cavs James Harden, Dean Wade, Evan Mobley, Jarrett Allen
100%
Jazz Keynote George, Ace Bailey, Jaren Jackson, Walker Kessler
100%
Thunder Lu Dort, Jalen Williams, Chet Holmgren, Isaiah Hartenstein
100%
Knicks Mikal Bridges, OG Anunoby, Josh Hart, Karl-Anthony Towns
100%
Kings Russell Westbrook, Zach LaVine, Keegan Murray, Domantis Sabonis
100%
Wizards Trae Young, Bilal Coulibaly, Kyshawn George, Alex Sarr
100%
Spurs De'Aaron Fox, Stephon Castle, Devin Vassell, Julian Champagnie
88%
Raptors Immanuel Quickley, RJ Barrett, Brandon Ingram, Jakob Poeltl
88%
Mavericks Kyrie Irving, Max Christie, PJ Washington, Derek Lively
88%
Bucks Ryan Rollins, Kevin Porter, Kyle Kuzma, Myles Turner
88%
Trail Blazers Scoot Henderson, Jrue Holiday, Toumani Camara, Donovan Clingan
88%
76ers VJ Edgecombe, Kelly Oubre, Paul George, Joel Embiid
88%
Pacers Andrew Nembhard, Aaron Nesmith, Pascal Siakam, Ivica Zubac
75%
Grizzlies Cedric Coward, Jaylen Wells, Santi Aldama, Zach Edey
75%
Hawks CJ McCollum, Nickeil Alexander-Walker, Dyson Daniels, Onyeka Okongwu
75%
Nets Egor Demin, Drake Powell, Noah Clowney, Nic Claxton
75%
Bulls Tre Jones, Isaac Okoro, Matas Buzelis, Jalen Smith
75%
No matching quizzes found
Score Distribution
Percent of People with Each Score
Percentile by Number Answered
Your Score History
You have not taken this quiz